[Event "DMP Ekstraliga 2020"]
[Site "Krakow"]
[Date "2020.09.03"]
[Round "9.14"]
[White "Druska, Juraj"]
[Black "Teclaf, Pawel"]
[Result "1/2-1/2"]
[WhiteElo "2515"]
[BlackElo "2454"]
[Annotator "TA"]
[PlyCount "73"]
[EventDate "2020.08.26"]
[EventType "team-tourn"]
[EventCountry "POL"]
[SourceTitle "playchess.com"]
[Source "ChessBase"]
[SourceQuality "1"]
[WhiteTeam "Dwie Wieze Krakow"]
[BlackTeam "UKS 21 Podlesie"]
[WhiteTeamCountry "SVK"]

{[%evp 27,73,56,56,63,73,55,78,62,87,63,61,56,59,68,65,57,62,62,57,21,24,12,20,16,55,3,32,28,33,4,10,0,0,0,11,11,15,9,12,0,0,0,5,0,0,-10,-9,-18]} 1. e4 c5 2. Nf3 e6 3. d4 cxd4 4. Nxd4 a6 5. Bd3 Nf6 6. O-O Qc7 7. Qe2 d6 8. c4 g6 9. Nc3 Bg7 10. Be3 O-O 11. Rac1 b6 12. Rfd1 Bb7 13. f3 Nbd7 14. Qf2 Rac8 15. Bf1 {B42: Sicilian: Kan Variation: 5 Bd3.} Qb8 16. b4 Ba8 17. Nb3 {White is better.} Rc6 18. c5 dxc5 19. bxc5 Nxc5 20. Nxc5 bxc5 21. Na4 c4 $1 22. Bxc4 Rd8 {[#] White must now prevent ...Rxd1+.} 23. Bf1 {next Rb1 is good for White.} Nd7 24. Rb1 Qc7 25. Rd2 Rd6 26. Rbd1 (26. Rc1 $14 Qxc1 27. Rxd6) 26... Rxd2 27. Qxd2 {[#] aiming for Bb6!} Bf6 28. Qb4 Bc6 {The position is equal.} 29. Nc5 ({Reject} 29. Bxa6 Ra8 $15) 29... Nxc5 30. Rxd8+ Qxd8 31. Qxc5 Bb7 32. Qa7 Qc8 33. Bd4 Bxd4+ 34. Qxd4 Qc7 35. a3 Bc8 36. g3 e5 37. Qe3 {Accuracy: White = 88%, Black = 89%.} 1/2-1/2

[Event "DMP Ekstraliga 2020"]
[Site "Krakow"]
[Date "2020.09.03"]
[Round "9.15"]
[White "Barski, Radoslaw"]
[Black "Leniart, Arkadiusz"]
[Result "0-1"]
[WhiteElo "2444"]
[BlackElo "2482"]
[Annotator "TA"]
[PlyCount "116"]
[EventDate "2020.08.26"]
[EventType "team-tourn"]
[EventCountry "POL"]
[SourceTitle "playchess.com"]
[Source "ChessBase"]
[SourceQuality "1"]
[WhiteTeam "UKS 21 Podlesie"]
[BlackTeam "Dwie Wieze Krakow"]

{[%evp 21,116,22,27,17,20,21,21,0,0,0,0,0,16,19,14,-35,-28,-32,-31,-31,-15,-19,-14,-17,-14,-45,-5,-6,-17,-87,-87,-87,-87,-87,-87,-136,-133,-132,-131,-192,-183,-265,-230,-225,-218,-236,-225,-226,-236,-345,-329,-326,-326,-302,-304,-422,-420,-806,-800,-756,-709,-923,-620,-558,-520,-599,-577,-666,-697,-697,-681,-767,-660,-627,-622,-636,-519,-478,-335,-324,-304,-433,-428,-426,-395,-315,-341,-643,-633,-1277,-1259,-1180,-1134,-933,-910,-769,-719]} 1. d4 Nf6 2. c4 e6 3. Nc3 d5 4. cxd5 exd5 5. Bg5 c6 6. e3 Be7 7. Bd3 Nbd7 8. Qc2 h6 9. Bh4 Nh5 10. Bxe7 Qxe7 11. Nge2 Nb6 12. O-O-O {D36: Queen's Gambit Declined: Exchange Variation: Main line (5 Bg5 c6 6 Qc2).} Be6 13. Kb1 O-O-O 14. Na4 {The position is equal.} Nxa4 15. Qxa4 Kb8 16. Rc1 Qg5 {[#]} 17. Rc3 $146 {Strongly threatening Ra3.} ({Predecessor:} 17. Ng3 Nxg3 18. hxg3 Bf5 19. Bxf5 Qxf5+ 20. Qc2 Qf6 21. Rh5 {½-½ (21) Cvitan,O (2513)-Stojanovic,M (2559) Switzerland 2014}) 17... Bf5 18. Ng3 (18. Nc1 {is more complex.} Nf6 19. Bxf5 Qxf5+ 20. Nd3 Nd7 21. Ra3) 18... Nxg3 19. hxg3 Bxd3+ 20. Rxd3 Qf5 21. Qc2 Qe4 22. Rh2 Rd6 23. Qd2 Re8 24. Ka1 Rf6 {[#] White must now prevent ...Rxf2!} 25. f3 (25. Rc3 $1 $11) 25... Qe7 $17 {White is now going downhill.} 26. Rh1 Re6 {[%cal Re6e3]} 27. Re1 h5 28. Ra3 Qg5 29. Qa5 a6 30. e4 (30. Qb4 $17) 30... Qxg3 $19 31. e5 (31. Qd2 $142) 31... f6 32. Rb3 fxe5 $40 {[%mdl 128] White is in trouble.} 33. Qb4 {[%csl Gb3][%cal Rb4b7] [#]} R8e7 34. a3 Qf4 ({Don't take} 34... Qxg2 35. Rxe5 Rxe5 36. dxe5 $17) 35. Rxe5 (35. Rbe3 $142 e4 36. fxe4) 35... Rxe5 36. Qd6+ Kc8 37. dxe5 Qxe5 {[%mdl 4096] Endgame KQR-KQR} 38. Qg6 d4 {...Qd5 is the strong threat.} 39. f4 (39. Rd3 $142) 39... Qd5 40. Qg3 c5 41. f5 Qxf5 42. Rf3 Qe5 43. Qh3+ Kc7 44. Rf5 Qe1+ 45. Ka2 Qe6+ 46. Ka1 Kb6 47. Qd3 Qe3 48. Qc4 {[%csl Gf5][%cal Rc4c5]} Qe1+ 49. Ka2 {[%csl Gf5][%cal Rc4c5]} Qe6 50. Rd5 {[%csl Gd5][%cal Rc4c5]} Rc7 51. b4 (51. Rxd4 {was worth a try.} Qxc4+ 52. Rxc4) 51... Ka7 {And now ...b5 would win.} 52. Rxd4 Qxc4+ 53. Rxc4 {KR-KR} b5 54. Rh4 $2 (54. Rc3) 54... cxb4 {Black is clearly winning.} 55. Rxh5 bxa3 56. Kxa3 Rc3+ 57. Kb4 Rc4+ 58. Kb3 Rg4 {Accuracy: White = 47%, Black = 87%.} 0-1

[Event "DMP Ekstraliga 2020"]
[Site "Krakow"]
[Date "2020.09.03"]
[Round "9.16"]
[White "Nguyen, Piotr"]
[Black "Kosakowski, Jakub"]
[Result "0-1"]
[WhiteElo "2422"]
[BlackElo "2418"]
[Annotator "TA"]
[PlyCount "84"]
[EventDate "2020.08.26"]
[EventType "team-tourn"]
[EventCountry "POL"]
[SourceTitle "playchess.com"]
[Source "ChessBase"]
[SourceQuality "1"]
[WhiteTeam "Dwie Wieze Krakow"]
[BlackTeam "UKS 21 Podlesie"]

{[%evp 16,83,40,15,38,38,45,35,67,20,47,48,66,67,97,48,60,52,167,111,164,46,89,64,66,63,73,66,77,66,64,56,67,16,18,0,0,7,0,-131,-125,-133,-131,-121,-129,-158,-131,-211,-208,-298,-291,-1731,-1721,-29985,-29986,-29986,-29987,-29987,-29988,-29988,-29989,-29989,-29989,-29989,-29990,-29990,-29991,-29991,-29992,-29999]} 1. Nf3 Nf6 2. c4 g6 3. Nc3 Bg7 4. e4 d6 5. d4 O-O 6. h3 Na6 7. Bg5 Qe8 8. Be2 e5 9. d5 Nd7 {E90: King's Indian: Classical: Early deviations and 6 h3.} 10. g4 Ndc5 11. Rg1 Kh8 {White is slightly better.} 12. Qd2 f6 13. Be3 Qe7 14. O-O-O Bd7 {[#]} 15. Ne1 $146 ({Predecessor:} 15. h4 f5 16. Bg5 Qf7 17. gxf5 gxf5 18. Bh6 Bxh6 19. Qxh6 Qf6 20. Qxf6+ Rxf6 21. exf5 Bxf5 {½-½ (39) Tisdall,J (2408)-Gullaksen,E (2353) Norway 2017}) 15... f5 16. f3 Nb4 (16... fxe4 $14 17. fxe4 Rf7) 17. Kb1 ({White should play} 17. Bxc5 $1 $18 dxc5 18. a3) 17... a5 (17... Nba6 $16 {might work better.}) 18. Nc2 (18. Bxc5 $18 dxc5 19. a3) 18... Rf7 19. h4 fxg4 ({Wrong is} 19... Qxh4 $2 20. Bg5 $18) 20. fxg4 Nxc2 21. Kxc2 Raf8 ({Don't go for} 21... Qxh4 $2 22. Bg5 $18) 22. h5 {Strongly threatening h6.} Rf4 23. hxg6 hxg6 24. Bxf4 (24. Bxc5 $14 dxc5 25. Kb1) 24... exf4 $11 25. Bf3 Qe5 26. Rh1+ Kg8 27. Qh2 {[#]} (27. Kb1 $11) 27... Ba4+ $1 $17 28. Kb1 Bxd1 29. Rxd1 Kf7 30. Nb5 Rh8 $36 {[%mdl 2048] Black has strong initiative.} 31. Qc2 (31. Qg2 $17 {was called for.}) 31... Rh3 $19 32. Rf1 {[#]} (32. Nd4 {keeps fighting.}) 32... Na4 $1 {[%cal Ra4b2][%mdl 512]} 33. Nxc7 $2 (33. Nc3 Nxc3+ 34. bxc3) (33. Qxa4 Qxb2#) 33... Nxb2 {And now ...Nd3! would win.} 34. Kc1 {[#]} Nd3+ $1 {[%mdl 512] Black mates.} 35. Qxd3 Qb2+ 36. Kd1 Rh2 37. Be2 Qa1+ 38. Kd2 Qxa2+ 39. Ke1 Qa1+ 40. Kd2 Qxf1 41. Ne6 Bb2 {[%csl Gb2][%cal Rf1c1]} 42. e5 Qc1# {Quite a comeback for Black. Accuracy: White = 50%, Black = 79%.} 0-1

[Event "DMP Ekstraliga 2020"]
[Site "Krakow"]
[Date "2020.09.03"]
[Round "9.17"]
[White "Walter, Szymon"]
[Black "Zwardon, Vojtech"]
[Result "0-1"]
[WhiteElo "2288"]
[BlackElo "2481"]
[Annotator "TA"]
[PlyCount "120"]
[EventDate "2020.08.26"]
[EventType "team-tourn"]
[EventCountry "POL"]
[SourceTitle "playchess.com"]
[Source "ChessBase"]
[SourceQuality "1"]
[WhiteTeam "UKS 21 Podlesie"]
[BlackTeam "Dwie Wieze Krakow"]

{[%evp 23,120,0,0,0,0,0,0,-13,11,-31,7,0,0,0,0,-5,-5,-12,-5,-5,-5,-20,-5,-5,-5,-7,-5,-5,-5,-7,0,-7,0,-7,-7,-17,-24,-32,-35,-67,0,0,0,0,0,0,0,0,0,0,-10,0,0,-10,-25,-32,-32,-32,-32,-32,-32,-32,-32,-32,-32,-32,-32,-32,-32,-32,-32,-32,-32,-32,-32,-32,-32,-32,-10,-10,-11,-158,-154,-202,-135,-321,-321,-321,-290,-285,-274,-289,-280,-258,-246,-251,-237,-237,-175]} 1. e4 c5 2. Nf3 Nc6 3. Bb5 g6 4. Bxc6 dxc6 5. d3 Bg7 6. h3 Nf6 7. Nc3 O-O 8. Be3 b6 9. Qd2 e5 10. Bh6 Qd6 11. O-O Nh5 12. Bxg7 Nxg7 13. Ne2 {B31: Sicilian: 2...Nc6 3 Bb5 g6.} f6 14. a3 a5 {[#]} 15. Qc3 $146 {The position is equal.} ({Predecessor:} 15. Rad1 g5 16. Nh2 Nh5 17. Ng4 Be6 18. g3 Qd7 19. f3 a4 20. Kg2 Kg7 21. Rh1 {½-½ (53) Tiemann,H (2484)-Blank,W (2492) ICCF email 2007}) 15... Be6 16. Nd2 g5 (16... b5 $5 {[%cal Rb5b4]} 17. Nb3 Bxb3 18. Qxb3+ Ne6 $11) 17. Nc4 Bxc4 18. Qxc4+ Qe6 19. Ng3 Qxc4 20. dxc4 Rfd8 21. Rfd1 a4 22. Kf1 Kf7 23. Ke1 Rd4 24. c3 Rxd1+ 25. Rxd1 $11 {[%mdl 4096] Endgame KRN-KRN} Ke7 26. Ke2 Rb8 27. Nf1 Ne8 28. Ne3 Nd6 29. f3 h5 30. g3 Ke6 31. g4 hxg4 (31... h4 $15) 32. hxg4 Rh8 {next ...Rh2+ is good for Black.} 33. Rd2 Rh3 34. Kf2 Rh1 35. Ke2 Rh2+ 36. Kd3 (36. Ke1 $5 {[%cal Rd2h2]} Rh1+ 37. Kf2 $11) 36... Rh3 37. Ke2 Rh1 38. Kd3 Nb7 39. Rd1 Rh3 40. Rf1 Rh2 41. Nd1 $1 Na5 42. Rf2 Rh1 43. Ne3 Nb3 44. Nf1 Rh3 45. Nd2 Na5 46. Nf1 Rh7 47. Ne3 Rh1 48. Nf1 Rh8 49. Ne3 Rh7 50. Kc2 b5 51. cxb5 cxb5 52. Rd2 {[#]} (52. Nd5 $11 {keeps the balance.}) 52... Nb3 $1 $17 {[%cal Rb3d2]} 53. Rf2 Rh1 54. Nd1 $2 {White does not recover from this.} (54. c4 $17) 54... c4 $19 55. Re2 Kf7 56. Rg2 Kg7 57. Re2 Kg6 58. Rg2 Rh3 59. Rf2 Nc5 60. Rf1 {Now Kd2 and White clings on.} Nd3 {Accuracy: White = 81%, Black = 93%.} 0-1

[Event "DMP Ekstraliga 2020"]
[Site "Krakow"]
[Date "2020.09.03"]
[Round "9.18"]
[White "Leks, Maria"]
[Black "Sliwicka, Alicja"]
[Result "1/2-1/2"]
[WhiteElo "2080"]
[BlackElo "2317"]
[Annotator "TA"]
[PlyCount "71"]
[EventDate "2020.08.26"]
[EventType "team-tourn"]
[EventCountry "POL"]
[SourceTitle "playchess.com"]
[Source "ChessBase"]
[SourceQuality "1"]
[WhiteTeam "Dwie Wieze Krakow"]
[BlackTeam "UKS 21 Podlesie"]

{[%evp 14,71,25,10,7,5,1,0,13,0,0,0,4,0,0,-14,0,0,0,-4,0,0,11,6,13,7,15,10,12,12,22,0,0,0,0,0,0,0,0,0,0,0,0,0,0,0,0,0,0,0,0,0,0,0,0,0,0,0,0,0]} 1. e4 c5 2. Nf3 d6 3. Bb5+ Bd7 4. Bxd7+ Qxd7 5. c4 e5 6. Nc3 Nc6 7. d3 g6 8. Nd5 Bg7 {The position is equal. B52: Sicilian: Moscow Variation with 3...Bd7.} 9. O-O Nge7 10. Bg5 Nxd5 11. cxd5 Nd4 12. Nxd4 cxd4 {[#]} 13. a4 $146 ({Predecessor:} 13. Rc1 O-O 14. Bd2 f5 15. Qb3 Rac8 16. Rxc8 Rxc8 17. f4 exf4 18. Bxf4 fxe4 19. dxe4 {0-1 (39) Pedersen,H (2524)-Schoen,W (2674) ICCF email 2006}) 13... O-O 14. Qb3 f6 15. Bd2 f5 16. f3 fxe4 17. fxe4 Rxf1+ 18. Rxf1 Rf8 19. Rxf8+ Bxf8 20. h3 Be7 21. Qb5 Qc8 22. Kh2 Bh4 23. a5 a6 24. Qc4 Qf8 25. Qc7 Bf2 26. Qd7 ({Don't blunder} 26. Qxb7 $2 Be3 $19) 26... Be3 {( -> ...Qf4+)} 27. Be1 Bf4+ 28. g3 Bd2 {[%mdl 64] [#] Deflection, Decoy} 29. Bxd2 Qf2+ {[%mdl 64] Double Attack} 30. Kh1 {Strongly threatening Qe6+.} Qf3+ 31. Kh2 Qe2+ 32. Kh1 {Threatens to win with Qe8+.} Qd1+ 33. Kh2 Qxd2+ {[%mdl 64] [#] Double Attack} 34. Kh1 Qc1+ 35. Kg2 Qd2+ 36. Kg1 {A rather calm draw. Accuracy: White = 100%, Black = 100%.} 1/2-1/2

[Event "DMP Ekstraliga 2020"]
[Site "Krakow"]
[Date "2020.09.03"]
[Round "9.19"]
[White "Wojtaszek, Radoslaw"]
[Black "Huschenbeth, Niclas"]
[Result "1/2-1/2"]
[WhiteElo "2717"]
[BlackElo "2605"]
[Annotator "TA"]
[PlyCount "55"]
[EventDate "2020.08.26"]
[EventType "team-tourn"]
[EventCountry "POL"]
[SourceTitle "playchess.com"]
[Source "ChessBase"]
[SourceQuality "1"]
[WhiteTeam "HETMAN Katowice"]
[BlackTeam "Silesia Raciborz"]

{[%evp 12,55,8,22,33,31,40,36,39,45,27,13,13,18,26,18,21,17,23,29,35,36,27,0,40,29,48,39,46,35,34,40,48,47,37,46,45,21,31,29,29,0,8,0,28,0]} 1. d4 Nf6 2. c4 e6 3. g3 d5 4. Bg2 Bb4+ 5. Bd2 a5 6. Nf3 O-O 7. Qc2 {Nowadays more popular than 7.0-0.} c5 {E11: Bogo-Indian.} 8. cxd5 cxd4 9. Nxd4 Qb6 {White is slightly better.} 10. e3 exd5 {[#]} 11. a3 $146 ({Predecessor:} 11. O-O Nc6 12. Nxc6 bxc6 13. Rc1 Rb8 14. Nc3 h5 15. Na4 Qd8 16. Bxb4 Rxb4 17. b3 {0-1 (34) Vidit,S (2726)-Giri,A (2764) chess24.com INT 2020}) 11... Bxd2+ 12. Nxd2 ({But not} 12. Kxd2 Nc6 $17) 12... Nc6 13. N2f3 Bg4 14. O-O Rac8 {[#] And now ...Nxd4 would win.} 15. Qd3 Ne4 16. Rab1 Bh5 17. Bh3 Nxd4 18. Nxd4 Rc5 19. b4 Rc3 20. Qb5 Qxb5 21. Nxb5 Rc4 22. Rb2 axb4 23. axb4 Ra8 24. Rfb1 Kf8 25. Bf1 Rcc8 26. Bh3 Rc4 27. Bf1 Rcc8 28. Bh3 {Accuracy: White = 88%, Black = 94%.} 1/2-1/2

[Event "DMP Ekstraliga 2020"]
[Site "Krakow"]
[Date "2020.09.03"]
[Round "9.20"]
[White "Nasuta, Grzegorz"]
[Black "Navara, David"]
[Result "0-1"]
[WhiteElo "2553"]
[BlackElo "2719"]
[Annotator "TA"]
[PlyCount "120"]
[EventDate "2020.08.26"]
[EventType "team-tourn"]
[EventCountry "POL"]
[SourceTitle "playchess.com"]
[Source "ChessBase"]
[SourceQuality "1"]
[WhiteTeam "Silesia Raciborz"]
[BlackTeam "HETMAN Katowice"]
[BlackTeamCountry "CZE"]

{[%evp 9,120,8,8,0,0,0,16,6,8,12,8,7,28,8,3,10,52,37,77,19,20,12,8,-22,-28,-89,-62,-76,-76,-68,-41,-79,-73,-72,-68,-76,-62,-113,-107,-100,-91,-108,-110,-102,-106,-202,-161,-281,-262,-306,-297,-288,-270,-293,-274,-336,-338,-363,-306,-310,-233,-286,-233,-218,-245,-368,-338,-402,-406,-474,-447,-438,-438,-431,-422,-530,-531,-607,-648,-588,-539,-893,-845,-802,-620,-623,-741,-1040,-1089,-1035,-1000,-1060,-1057,-1046,-837,-1036,-1020,-12835,-12835,-2246,-1041,-12837,-1764,-12839,-1020,-1018,-954,-1014,-998,-914,-871,-1861,-1722]} 1. e4 c5 2. Nf3 d6 3. Bb5+ Nd7 4. d4 cxd4 5. Qxd4 a6 6. Be2 {B51: Sicilian: Moscow Variation (3 Bb5+) without 3...Bd7.} (6. Bc4 {with more complications.} Ngf6 7. a4 e5 8. Qe3 Nc5 9. Nc3) 6... Ngf6 7. O-O g6 {is now debated instead of 7...e5.} 8. Nc3 {The position is equal.} Bg7 9. Rd1 O-O 10. e5 Nh5 {[%cal Rd7e5]} 11. Qh4 {And now g4 would win.} dxe5 12. Bg5 f6 13. Be3 {[%mdl 1024] [#] White has compensation.} Kh8 $146 ({Predecessor:} 13... e6 14. Rd6 Kh8 15. Rad1 Qe7 16. Bc4 Nf4 17. Bxf4 exf4 18. Qxf4 e5 19. Qe3 b5 {1-0 (31) Fressinet,L (2717)-Cheparinov,I (2682) Dubai 2014}) 14. Nd5 ({White should play} 14. g3 $16) 14... e6 $1 $11 {[%cal Re6d5]} 15. Nb6 Nf4 $1 {Strongly threatening ...g5.} 16. Bf1 ({Reject} 16. Nxa8 g5 $17) (16. Bc4 $5 {[%cal Rb6a8]} g5 17. Qg4 $11) 16... Rb8 17. Rd6 (17. Bxf4 $11 {remains equal.} Qxb6 18. Bd2) 17... Qc7 18. Rad1 {[%cal Rb6d7] [#]} g5 $1 $36 {[%cal Rg5h4][%mdl 2048] Black has strong initiative.} 19. Qg3 {[%cal Rb6d7]} Nd5 {[%cal Rd7b6]} (19... Nxb6 {keeps more tension.} 20. Bxb6 Qxc2 21. Ne1 Qa4 22. b3 Qe4) 20. Nxc8 Rbxc8 21. Rxd7 Qxd7 22. c4 e4 {Hoping for ...Qa4.} 23. Ne1 {Black keeps a firm grip on the game.} (23. cxd5 $15 exf3 24. Qxf3) 23... Qa4 $17 24. b3 Qxa2 25. cxd5 Qxb3 {[%mdl 64] Double Attack} 26. Be2 {With the idea d6.} exd5 27. h4 (27. Kf1 $17 {keeps fighting.}) 27... Qc3 28. hxg5 {[#]} (28. Qd6 $142) 28... d4 $1 $19 {[%cal Rd4e3]} 29. Bxd4 (29. Rxd4 Qxe1+) 29... Qxg3 30. fxg3 fxg5 31. Be3 h6 32. Rd7 b5 {[%cal Bb7b5,Bb5b4][%mdl 32]} 33. Re7 b4 {White must now prevent ...b3.} 34. Bxa6 Ra8 35. Bc4 Ra1 36. Bf2 Rb1 ({But not} 36... e3 37. Rxe3 Rb1 38. Rb3 $15) 37. Rxe4 (37. Bd5 $142 b3 38. Bxe4) 37... b3 38. Bxb3 Rxb3 39. Nf3 Rb1+ {Black is clearly winning.} 40. Kh2 Rb2 41. Kg1 Ra8 42. Ne1 Raa2 43. Bc5 Re2 44. Rxe2 Rxe2 {[%mdl 4096] Endgame KRB-KBN} 45. Nd3 Kh7 46. Kf1 Rc2 47. Ba7 Kg6 48. g4 Rd2 49. Nf2 Be5 50. Be3 Rc2 51. Bb6 Kf7 52. Be3 Ke6 53. Bb6 Kd5 54. Nd3 Rc4 (54... Bc3 $142 55. Bf2 Ke4 56. Nc5+ Kf4 57. Ne6+ Kxg4) 55. Nf2 Bg3 (55... Bd4 $142 56. Bxd4 Kxd4) 56. Nd1 Ke6 (56... Ke4 $142 57. Nf2+ Bxf2 58. Kxf2 Kf4) 57. Ke2 Rxg4 58. Kf3 Rb4 59. Bc5 Rb3+ 60. Kg4 Bf4 {Accuracy: White = 42%, Black = 78%.} 0-1

[Event "DMP Ekstraliga 2020"]
[Site "Krakow"]
[Date "2020.09.03"]
[Round "9.21"]
[White "Gajewski, Grzegorz"]
[Black "Markowski, Tomasz"]
[Result "0-1"]
[WhiteElo "2616"]
[BlackElo "2548"]
[Annotator "TA"]
[PlyCount "76"]
[EventDate "2020.08.26"]
[EventType "team-tourn"]
[EventCountry "POL"]
[SourceTitle "playchess.com"]
[Source "ChessBase"]
[SourceQuality "1"]
[WhiteTeam "HETMAN Katowice"]
[BlackTeam "Silesia Raciborz"]

{[%evp 21,76,18,24,8,8,10,22,0,14,14,21,27,24,29,27,11,26,0,0,0,0,0,0,0,0,-12,0,-19,-15,-34,0,-118,-81,-151,-174,-160,-148,-230,-87,-212,-198,-330,-317,-335,-321,-368,-369,-404,-397,-395,-406,-405,-387,-848,-448,-873,-849]} 1. d4 e6 2. c4 Nf6 3. Nf3 b6 4. g3 Bb7 5. Bg2 Bb4+ 6. Bd2 Bxd2+ 7. Qxd2 O-O 8. Nc3 d6 9. O-O Ne4 10. Nxe4 Bxe4 11. Qf4 Bb7 12. c5 {[#] E16: Queen's Indian: 4 g3 Bb7 5 Bg2 Bb4+.} Nc6 $146 ({Predecessor:} 12... Na6 13. cxd6 cxd6 14. Rfc1 Qe7 15. Rc4 Rfc8 16. Rac1 Rxc4 17. Rxc4 Bd5 18. Rc3 Rd8 19. a3 Qb7 {0-1 (40) Lundvik,J (2208)-Arnelind,M (2165) Sweden 2012}) 13. Rac1 Ne7 14. Rc2 {The position is equal.} h6 15. b4 Ng6 16. Qe3 Bd5 17. Rfc1 b5 18. Qd3 (18. Qc3 {with more complications.} Ne7 19. e3 Be4 20. Rb2 Nd5 21. Qd2) 18... Bc4 19. Rxc4 bxc4 20. Qxc4 d5 21. Qa6 Qc8 22. Qa5 c6 23. Nd2 Rb8 24. Nb3 e5 25. e3 Qg4 26. Bf1 (26. h3 $11 Qd7 27. dxe5) 26... Nh4 $1 $36 {[%cal Bg6h4,Bh4f3,Bf3g5,Bg5e4][%mdl 2080] Strongly threatening ...Nf3+. Black has strong initiative.} 27. h3 ({White should try} 27. Bg2 Nxg2 28. Kxg2) 27... Nf3+ {[%mdl 64] [#] Double Attack} 28. Kh1 Qf5 {Hoping for ...Ng5.} 29. b5 (29. dxe5 $17 {is a better defense.} Nxe5 30. Kg1) 29... cxb5 (29... exd4 $19 {has better winning chances. White must now prevent ...Rxb5!} 30. exd4 {[#]} Rxb5 $1 {[%mdl 512]}) 30. c6 {Now White is beyond hope.} (30. dxe5 $17 Nxe5 31. Qe1) 30... exd4 31. c7 (31. Qxa7 $142 Ra8 32. Qd7 Qxd7 33. cxd7) 31... Rbc8 $19 32. exd4 Ng5 33. f4 Ne4 34. Kh2 Qg6 35. Qe1 Qd6 36. Qa5 a6 37. a4 $2 (37. Bg2) 37... bxa4 38. Na1 (38. Nc5 $142 Qxc7 39. Qxa4) 38... Qg6 {Accuracy: White = 48%, Black = 80%.} 0-1

[Event "DMP Ekstraliga 2020"]
[Site "Krakow"]
[Date "2020.09.03"]
[Round "9.22"]
[White "Krzyzanowski, Marcin"]
[Black "Socko, Bartosz"]
[Result "1/2-1/2"]
[WhiteElo "2518"]
[BlackElo "2601"]
[Annotator "TA"]
[PlyCount "89"]
[EventDate "2020.08.26"]
[EventType "team-tourn"]
[EventCountry "POL"]
[SourceTitle "playchess.com"]
[Source "ChessBase"]
[SourceQuality "1"]
[WhiteTeam "Silesia Raciborz"]
[BlackTeam "HETMAN Katowice"]

{[%evp 9,89,0,0,5,42,4,22,18,10,-4,0,-24,0,-39,0,-27,0,0,1,-4,53,29,79,71,77,52,54,0,65,0,-3,-10,-17,-29,5,5,5,2,2,2,4,3,3,5,158,187,172,176,180,217,191,209,201,198,190,185,172,190,293,176,172,0,0,0,0,0,0,0,0,0,0,0,0,0,0,0,0,0,0,0,0,0]} 1. e4 c6 2. d4 d5 3. e5 c5 4. dxc5 e6 5. Be3 Nd7 6. Nf3 {B12: Caro-Kann: Advance Variation.} Ne7 7. Nc3 Nf5 {[#]} 8. Bf4 $146 ({Predecessor:} 8. c6 bxc6 9. Bg5 Be7 10. Bxe7 Qxe7 11. Nd4 Nxd4 12. Qxd4 c5 13. Qf4 a6 14. g4 Bb7 15. Bg2 Nf8 16. Qg3 {½-½ (16) De Jong,Q (1260)-Froeyman,H (1435) Borne 2019}) 8... Nxc5 9. Qd2 Bd7 10. Be2 Rc8 11. g4 Ne7 $1 12. Nd4 a6 13. O-O b5 14. a3 Nc6 (14... Nb7 $11) 15. b4 $14 Ne4 16. Nxe4 dxe4 17. Nb3 h5 18. Rfd1 ({Better is} 18. g5 $14) 18... Ne7 (18... hxg4 $11 19. Rac1 (19. Bxg4 Ne7 $11) 19... Rh5) 19. Rac1 (19. Bg5 $14) 19... Nd5 $11 20. c4 bxc4 21. Bxc4 Rxc4 (21... Qh4 $5 {[%cal Rh4g4]} 22. Bxd5 (22. Bxa6 Qxg4+ 23. Bg3 Rxc1 $17) 22... Rxc1 23. Nxc1 exd5 24. Qxd5 Qxg4+ {[%mdl 64] Double Attack} 25. Kh1 Be7 $11) 22. Rxc4 Qh4 $1 {[%cal Rh4g4]} 23. Bg3 Qxg4 {Hoping for ...h4.} 24. Qc2 $36 {[%mdl 2048] White has good play.} Be7 $1 {aiming for ...h4.} 25. Nd2 O-O 26. Nxe4 Qh3 $2 (26... Qg6 $1 $11) 27. Nf6+ $1 $16 gxf6 28. Rh4 Ba4 29. Qxa4 (29. Rxh3 $2 {loses.} Bxc2 30. Rc1 Bg6 $19) 29... Qf5 30. Rxd5 $1 ({Not} 30. Qxa6 fxe5 31. Qd3 Qxd3 $11) 30... exd5 {[#]} 31. Qd1 $1 {[%mdl 64] Double Attack} Qg6 32. Qxh5 Qxh5 33. Rxh5 $18 {[%mdl 4096] Endgame KRB-KRB} Rd8 (33... f5 {was called for.} 34. Rxf5 Rc8) 34. Bh4 d4 {[#]} 35. exf6 $2 (35. Kf1 $1 $18) 35... Bxb4 $1 $11 {...Bd2 is the strong threat.The position is equal.} 36. axb4 $18 {KRB-KR} d3 37. Bg5 {Strongly threatening Bd2.} Rd5 $1 {Threatening ...d2.} 38. Rh3 Rxg5+ $11 {KR-KR} 39. Kf1 Rd5 {White must now prevent ...d2.} 40. Ke1 Rd4 41. Rg3+ Kf8 42. Rf3 d2+ 43. Kd1 Rxb4 44. Rd3 {[%cal Rd3d8]} Kg8 45. Rg3+ {White really could win this. Accuracy: White = 80%, Black = 68%.} 1/2-1/2